00404 2200157 4500245006900000020001600069100002900085700001800114650001600132005001900148260002500167041001400192084000800206300002300214336000900237 aShiloh b : Persahabatan SejaticNaylor, Phyllis ReynoldshText a979-9452-66 aNaylor, Phyllis Reynolds aIbnu Setiawan aNovel Fiksi a20230124125926 aBandungbKaifac2003 aIndonesia a813 a176 hlm. :c20 cm. atext